[Event "Schachbundesliga 2011/2012"]
[Site "Germany"]
[Date "2011.12.10"]
[Round "6.7"]
[White "Hirneise, Tobias"]
[Black "Dautov, Rustem"]
[Result "0-1"]
[WhiteElo "2449"]
[BlackElo "2603"]
[PlyCount "173"]
[EventDate "2011.??.??"]
[WhiteTeam "SV Wattenscheid 1930"]
[BlackTeam "OSG Baden-Baden"]

1. d4 d5 2. c4 c6 3. Nf3 Nf6 4. Nc3 a6 5. a4 e6 6. Bg5 Nbd7 7. e3 Bb4 8. cxd5
exd5 9. Bd3 O-O 10. O-O Re8 11. Qc2 h6 12. Bh4 a5 13. Rad1 Be7 14. Rfe1 Nf8 15.
Ne5 Ng4 16. Bxe7 Rxe7 17. Nxg4 Bxg4 18. f3 Bh5 19. Qf2 Rd7 20. e4 dxe4 21. Bxe4
Bg6 22. d5 Bxe4 23. fxe4 Rc8 24. Rd2 Ng6 25. Red1 Qg5 26. dxc6 Rxd2 27. Qxd2
bxc6 28. Qxg5 hxg5 29. Rc1 Rb8 30. Nd1 Rb4 31. Rxc6 Rxa4 32. Nc3 Ra1+ 33. Kf2
Ne5 34. Rc8+ Kh7 35. Kg3 Nd3 36. Rb8 Rc1 37. Rb5 Rc2 38. Rxa5 Ne1 39. Rxg5
Rxg2+ 40. Kf4 Nd3+ 41. Kf5 Rxh2 42. Kg4 Rg2+ 43. Kh4 Rxb2 44. Rh5+ Kg8 45. Rd5
Nf4 46. Rd8+ Kh7 47. Kg4 Ng6 48. Nd5 Rf2 49. Kg3 Rf1 50. Re8 f6 51. Kg2 Rd1 52.
Kg3 Ne5 53. Rf8 Rd3+ 54. Kg2 Ng4 55. Rc8 Ra3 56. Rc3 Ra2+ 57. Kg3 Ne5 58. Kf4
Rf2+ 59. Kg3 Rf1 60. Kg2 Ra1 61. Rh3+ Kg6 62. Nf4+ Kf7 63. Rc3 Ra7 64. Nd3 Ng6
65. Kg3 Re7 66. Rc4 Rd7 67. Rc3 Re7 68. Kf3 Nh4+ 69. Ke3 g5 70. Rc5 Kg6 71. Kd4
Nf3+ 72. Ke3 Nh2 73. Rb5 Kh5 74. Nf4+ Kg4 75. Nd5 Re6 76. Kd4 Nf3+ 77. Kd3 Kg3
78. Rb8 Ne5+ 79. Ke3 Nc4+ 80. Kd4 Nd2 81. Rf8 Nxe4 82. Nc7 Rc6 83. Kxe4 Rxc7
84. Rxf6 g4 85. Rb6 Kh3 86. Ke3 g3 87. Kd4 0-1

[Event "Schachbundesliga 2011/2012"]
[Site "Germany"]
[Date "2011.12.10"]
[Round "6.6"]
[White "Jaracz, Pawel"]
[Black "Kotter, Ralf"]
[Result "1/2-1/2"]
[WhiteElo "2542"]
[BlackElo "2317"]
[PlyCount "77"]
[EventDate "2011.??.??"]
[WhiteTeam "SG Trier 1877"]
[BlackTeam "SC Hansa Dortmund"]

1. Nf3 c5 2. e4 e6 3. d4 cxd4 4. Nxd4 a6 5. Bd3 Bc5 6. Nb3 Be7 7. Qg4 g6 8. Qe2
d6 9. O-O Qc7 10. a4 b6 11. Na3 Nd7 12. Nc4 Bb7 13. a5 b5 14. Nb6 Nxb6 15. axb6
Qxb6 16. Na5 Nf6 17. Be3 Qc7 18. Nxb7 Qxb7 19. Rxa6 Rxa6 20. Bxb5+ Rc6 21. Qc4
O-O 22. Qxc6 Qxc6 23. Bxc6 Rc8 24. Ba4 Nxe4 25. c3 Rb8 26. Bc2 Nf6 27. Rb1 Nd5
28. Bd2 Bf6 29. Kf1 Nb6 30. Ke2 Nc4 31. Bc1 d5 32. Bd3 Nb6 33. Kd1 Kf8 34. Ra1
Ra8 35. Rxa8+ Nxa8 36. Be3 Bd8 37. f3 Bb6 38. Bg5 Kg7 39. Kc2 1/2-1/2

[Event "Schachbundesliga 2011/2012"]
[Site "Germany"]
[Date "2011.12.10"]
[Round "6.1"]
[White "Steingrimsson, Hedinn"]
[Black "Lupulescu, Constantin"]
[Result "1/2-1/2"]
[WhiteElo "2556"]
[BlackElo "2657"]
[PlyCount "111"]
[EventDate "2011.??.??"]
[WhiteTeam "SC Hansa Dortmund"]
[BlackTeam "SG Trier 1877"]

1. d4 Nf6 2. c4 e6 3. Nc3 Bb4 4. Qc2 d5 5. a3 Bxc3+ 6. Qxc3 Ne4 7. Qc2 Nc6 8.
e3 e5 9. f3 Qh4+ 10. g3 Nxg3 11. Qf2 Nf5 12. cxd5 Na5 13. Rb1 Nb3 14. dxe5 Qh6
15. Bd3 Nxc1 16. Bxf5 Bxf5 17. Rxc1 O-O 18. Ne2 Rae8 19. e4 Rxe5 20. Rxc7 Bc8
21. Rg1 g6 22. Kd1 Rh5 23. Qc5 b6 24. Qc4 Bh3 25. Qc1 Qxc1+ 26. Kxc1 Rc8 27.
Rxc8+ Bxc8 28. Rg2 Kf8 29. Kd2 Ke7 30. Ke3 Kd6 31. b4 Bd7 32. Nd4 a6 33. a4 f5
34. a5 bxa5 35. bxa5 Rh3 36. Kf4 fxe4 37. fxe4 Ra3 38. Rd2 Ra4 39. h4 h6 40.
Nf3 Rxa5 41. Rg2 Be8 42. Ne5 Ra1 43. Nxg6 Rf1+ 44. Ke3 Re1+ 45. Kf3 Rf1+ 46.
Ke3 Re1+ 47. Kd4 Rd1+ 48. Kc3 Re1 49. Kd4 Rd1+ 50. Kc3 Re1 51. Kd3 Bb5+ 52. Kd4
Rd1+ 53. Ke3 Re1+ 54. Kd4 Rd1+ 55. Ke3 Re1+ 56. Kd4 1/2-1/2